Music Quiz

Random Music or Broadway Quiz

Broadway Musical Lyrics II Quiz Stats

Quiz not verified by Sporcle

Challenge
Share
Tweet
Embed
Score 0/205 Timer 20:00
0 Plays Today
Lyrics % Correct
???
98.8%
???
98.8%
???
98.8%
???
98.8%
???
98.8%
???
98.8%
???
98.8%
???
98.8%
???
94%
???
94%
???
94%
???
94%
???
94%
???
91.7%
???
91.7%
???
91.7%
???
91.7%
???
84.5%
???
76.2%
???
76.2%
???
76.2%
???
76.2%
???
76.2%
???
76.2%
???
76.2%
???
73.8%
???
73.8%
???
73.8%
???
73.8%
???
73.8%
???
73.8%
???
73.8%
???
73.8%
???
72.6%
???
72.6%
???
72.6%
???
72.6%
???
72.6%
???
72.6%
???
71.4%
???
71.4%
???
71.4%
???
67.9%
???
67.9%
???
67.9%
???
67.9%
???
67.9%
???
66.7%
???
66.7%
???
66.7%
???
66.7%
???
66.7%
???
66.7%
???
66.7%
???
66.7%
???
66.7%
???
65.5%
???
64.3%
???
64.3%
???
63.1%
???
63.1%
???
63.1%
???
58.3%
???
58.3%
???
51.2%
???
51.2%
???
51.2%
???
51.2%
???
51.2%
Lyrics % Correct
???
51.2%
???
50%
???
50%
???
50%
???
50%
???
50%
???
50%
???
48.8%
???
48.8%
???
48.8%
???
48.8%
???
47.6%
???
47.6%
???
47.6%
???
47.6%
???
44%
???
44%
???
39.3%
???
39.3%
???
39.3%
???
39.3%
???
39.3%
???
39.3%
???
39.3%
???
38.1%
???
35.7%
???
34.5%
???
34.5%
???
34.5%
???
32.1%
???
32.1%
???
32.1%
???
31%
???
29.8%
???
29.8%
???
28.6%
???
28.6%
???
26.2%
???
26.2%
???
25%
???
23.8%
???
22.6%
???
21.4%
???
20.2%
???
16.7%
???
16.7%
???
15.5%
???
15.5%
???
11.9%
???
11.9%
???
11.9%
???
11.9%
???
11.9%
???
11.9%
???
11.9%
???
11.9%
???
11.9%
???
10.7%
???
9.5%
???
9.5%
???
9.5%
???
9.5%
???
9.5%
???
9.5%
???
8.3%
???
8.3%
???
8.3%
???
8.3%
???
8.3%
Lyrics % Correct
???
8.3%
???
8.3%
???
8.3%
???
8.3%
???
8.3%
???
8.3%
???
7.1%
???
7.1%
???
6%
???
6%
???
6%
???
6%
???
6%
???
6%
???
6%
???
6%
???
6%
???
4.8%
???
4.8%
???
4.8%
???
4.8%
???
4.8%
???
4.8%
???
4.8%
???
4.8%
???
4.8%
???
4.8%
???
4.8%
???
4.8%
???
4.8%
???
4.8%
???
4.8%
???
4.8%
???
4.8%
???
4.8%
???
4.8%
???
4.8%
???
4.8%
???
3.6%
???
3.6%
???
3.6%
???
3.6%
???
3.6%
???
3.6%
???
3.6%
???
3.6%
???
3.6%
???
3.6%
???
3.6%
???
3.6%
???
2.4%
???
2.4%
???
2.4%
???
2.4%
???
2.4%
???
2.4%
???
2.4%
???
2.4%
???
2.4%
???
2.4%
???
2.4%
???
2.4%
???
2.4%
???
2.4%
???
2.4%
???
2.4%
???
2.4%

You're not logged in!

Compare scores with friends on all Sporcle quizzes.
Join for Free
OR
Log In

You Might Also Like...

Show Comments

Extras

Created Jul 20, 2016ReportNominate
Tags:Broadway Quiz, Musical Quiz

Top Quizzes Today


Score Distribution

Your Account Isn't Verified!

In order to create a playlist on Sporcle, you need to verify the email address you used during registration. Go to your Sporcle Settings to finish the process.

Report this User

Report this user for behavior that violates our Community Guidelines.

Details: